| 000 | 00494cas a22001815a 4500 | ||
|---|---|---|---|
| 001 | L109929 | ||
| 008 | 071122c1999 xxku p a eng u | ||
| 035 | _a(Sirsi) u109929 | ||
| 041 | 0 | _aeng | |
| 110 | 2 |
_aRoyal Institution of Chartered Surveyors _94900 |
|
| 245 | 0 | 0 |
_aProject Management Forum _bnewsletter |
| 260 |
_aLondon _bRICS _c[1999]-2000 |
||
| 362 | 0 | _aNov. 1999-Summer 2000 | |
| 554 | _aUnknown | ||
| 651 | 4 |
_aUnited Kingdom _y |
|
| 690 |
_aProject management _96261 |
||
| 942 | _n0 | ||
| 999 |
_c118731 _d118731 |
||